Srdce ako zvon a pružné cievy (Record no. 22362)
[ view plain ]
| 000 -LEADER | |
|---|---|
| fixed length control field | 02751cam a2200793 4500 |
| 001 - CONTROL NUMBER | |
| control field | 22362 |
| 003 - CONTROL NUMBER IDENTIFIER | |
| control field | VRT |
| 005 - DATE AND TIME OF LATEST TRANSACTION | |
| control field | 20260326153704.0 |
| 008 - FIXED-LENGTH DATA ELEMENTS--GENERAL INFORMATION | |
| fixed length control field | 210624s2018 xo oa g f 001 0 slo |
| 015 ## - NATIONAL BIBLIOGRAPHY NUMBER | |
| National bibliography number | SNBA2019 |
| 020 ## - INTERNATIONAL STANDARD BOOK NUMBER | |
| International Standard Book Number | 9788080972547 |
| Qualifying information | (brožované) |
| 035 ## - SYSTEM CONTROL NUMBER | |
| System control number | urn:nbn:sk:snk-am00dlfx |
| 035 ## - SYSTEM CONTROL NUMBER | |
| System control number | urn:nbn:sk:snk-am3i650 |
| 035 ## - SYSTEM CONTROL NUMBER | |
| System control number | 2CEDB36E-EF2E-43B8-875B-0A40D23DEF6E |
| 039 #9 - LEVEL OF BIBLIOGRAPHIC CONTROL AND CODING DETAIL [OBSOLETE] | |
| Level of rules in bibliographic description | 202403141124 |
| Level of effort used to assign nonsubject heading access points | msnk181 |
| Level of effort used to assign subject headings | 202106241119 |
| Level of effort used to assign classification | VLOAD |
| Level of effort used to assign subject headings | 202004020842 |
| Level of effort used to assign classification | VLOAD |
| Level of effort used to assign subject headings | 201907251058 |
| Level of effort used to assign classification | csnk01 |
| 040 ## - CATALOGING SOURCE | |
| Original cataloging agency | SVKBB |
| Language of cataloging | slo |
| Transcribing agency | SVKBB |
| Modifying agency | SNK |
| Description conventions | rda |
| 041 1# - LANGUAGE CODE | |
| Language code of text/sound track or separate title | slo |
| Language code of original | eng |
| 044 ## - COUNTRY OF PUBLISHING/PRODUCING ENTITY CODE | |
| MARC country code | xo |
| ISO country code | SK |
| 072 #7 - SUBJECT CATEGORY CODE | |
| Subject category code | 613 |
| Subject category code subdivision | Hygiena. Ľudské zdravie |
| Source | konspekt |
| 080 ## - UNIVERSAL DECIMAL CLASSIFICATION NUMBER | |
| Universal Decimal Classification number | 612.17 |
| Edition identifier | 2011 |
| 080 ## - UNIVERSAL DECIMAL CLASSIFICATION NUMBER | |
| Universal Decimal Classification number | 612.1 |
| Edition identifier | 2011 |
| 080 ## - UNIVERSAL DECIMAL CLASSIFICATION NUMBER | |
| Universal Decimal Classification number | 613 |
| Edition identifier | 2011 |
| 080 ## - UNIVERSAL DECIMAL CLASSIFICATION NUMBER | |
| Universal Decimal Classification number | 616-084 |
| Edition identifier | 2011 |
| 080 ## - UNIVERSAL DECIMAL CLASSIFICATION NUMBER | |
| Universal Decimal Classification number | (0.062) |
| Edition identifier | 2011 |
| 240 14 - UNIFORM TITLE | |
| Uniform title | The heart and cirkulation system |
| Language of a work | Slovensky |
| 245 00 - TITLE STATEMENT | |
| Title | Srdce ako zvon a pružné cievy |
| Statement of responsibility, etc. | z anglického originálu The heart and cirkulation system ... preložila Jana Bertóková |
| 250 ## - EDITION STATEMENT | |
| Edition statement | Prvé vydanie |
| 264 #1 - PRODUCTION, PUBLICATION, DISTRIBUTION, MANUFACTURE, AND COPYRIGHT NOTICE | |
| Place of production, publication, distribution, manufacture | Bratislava |
| Name of producer, publisher, distributor, manufacturer | Tarsago Slovensko, s.r.o. |
| Date of production, publication, distribution, manufacture, or copyright notice | 2018 |
| 300 ## - PHYSICAL DESCRIPTION | |
| Extent | 136 strán |
| Other physical details | ilustrácie (prevažne farebné), fotografie |
| Dimensions | 24 cm |
| 336 ## - CONTENT TYPE | |
| Content type term | text |
| Content type code | txt |
| Source | rdacontent |
| 337 ## - MEDIA TYPE | |
| Media type term | bez média |
| Media type code | n |
| Source | rdamedia |
| 338 ## - CARRIER TYPE | |
| Carrier type term | zväzok |
| Carrier type code | nc |
| Source | rdacarrier |
| 490 1# - SERIES STATEMENT | |
| Series statement | Reader's Digest |
| 504 ## - BIBLIOGRAPHY, ETC. NOTE | |
| Bibliography, etc. note | Obsahuje register |
| 650 07 - SUBJECT ADDED ENTRY--TOPICAL TERM | |
| Topical term or geographic name entry element | srdce |
| Source of heading or term | SNKPH |
| 650 07 - SUBJECT ADDED ENTRY--TOPICAL TERM | |
| Topical term or geographic name entry element | Heart |
| Source of heading or term | SNKPHeng |
| 650 07 - SUBJECT ADDED ENTRY--TOPICAL TERM | |
| Topical term or geographic name entry element | kardiovaskulárny systém |
| Source of heading or term | SNKPH |
| 650 07 - SUBJECT ADDED ENTRY--TOPICAL TERM | |
| Topical term or geographic name entry element | Cardiovascular system |
| Source of heading or term | SNKPHeng |
| 650 07 - SUBJECT ADDED ENTRY--TOPICAL TERM | |
| Topical term or geographic name entry element | životospráva |
| Source of heading or term | SNKPH |
| 650 07 - SUBJECT ADDED ENTRY--TOPICAL TERM | |
| Topical term or geographic name entry element | Health behavior |
| Source of heading or term | SNKPHeng |
| 650 07 - SUBJECT ADDED ENTRY--TOPICAL TERM | |
| Topical term or geographic name entry element | prevencia ochorení |
| Source of heading or term | SNKPH |
| 650 07 - SUBJECT ADDED ENTRY--TOPICAL TERM | |
| Topical term or geographic name entry element | Prevention of diseases |
| Source of heading or term | SNKPHeng |
| 650 07 - SUBJECT ADDED ENTRY--TOPICAL TERM | |
| Topical term or geographic name entry element | zdravý životný štýl |
| Source of heading or term | SNKPH |
| 650 07 - SUBJECT ADDED ENTRY--TOPICAL TERM | |
| Topical term or geographic name entry element | Healthy lifestyle |
| Source of heading or term | SNKPHeng |
| 655 #7 - INDEX TERM--GENRE/FORM | |
| Genre/form data or focus term | populárno-náučné publikácie |
| Source of term | SNKPH |
| 655 #7 - INDEX TERM--GENRE/FORM | |
| Genre/form data or focus term | Popular works |
| Source of term | SNKPHeng |
| 700 1# - ADDED ENTRY--PERSONAL NAME | |
| Personal name | Banning, Adrian |
| Relationship | aut |
| 700 1# - ADDED ENTRY--PERSONAL NAME | |
| Personal name | de Bonis, Michele |
| Relationship | aut |
| 700 1# - ADDED ENTRY--PERSONAL NAME | |
| Personal name | Derodra, Josh |
| Relationship | aut |
| 700 1# - ADDED ENTRY--PERSONAL NAME | |
| Personal name | Duncan, Josh |
| Relationship | aut |
| 700 1# - ADDED ENTRY--PERSONAL NAME | |
| Personal name | Hunter, Fiona |
| Relationship | aut |
| 700 1# - ADDED ENTRY--PERSONAL NAME | |
| Personal name | Levy, Yoel |
| Relationship | aut |
| 700 1# - ADDED ENTRY--PERSONAL NAME | |
| Personal name | Kelion, Andrew |
| Relationship | aut |
| 700 1# - ADDED ENTRY--PERSONAL NAME | |
| Personal name | Plumer, Chris |
| Relationship | aut |
| 700 1# - ADDED ENTRY--PERSONAL NAME | |
| Personal name | Stracey, Helen |
| Relationship | aut |
| 700 1# - ADDED ENTRY--PERSONAL NAME | |
| Personal name | Karan, Thomas |
| Relationship | aut |
| 700 1# - ADDED ENTRY--PERSONAL NAME | |
| Personal name | Walker, Hamish |
| Relationship | aut |
| 700 1# - ADDED ENTRY--PERSONAL NAME | |
| Personal name | White, Hazel |
| Relationship | aut |
| 700 1# - ADDED ENTRY--PERSONAL NAME | |
| Personal name | Zaheer, Yousef |
| Relationship | aut |
| 700 1# - ADDED ENTRY--PERSONAL NAME | |
| Personal name | Bertóková, Jana |
| Relationship | trl |
| 700 1# - ADDED ENTRY--PERSONAL NAME | |
| Personal name | Buckley, Aidan |
| Relationship | aut |
| 830 #0 - SERIES ADDED ENTRY--UNIFORM TITLE | |
| Uniform title | Reader's Digest |
| 942 ## - ADDED ENTRY ELEMENTS (KOHA) | |
| Source of classification or shelving scheme | Dewey Decimal Classification |
| Koha item type | Krásna literatúra pre dospelých |
| Suppress in OPAC | No |
| 949 ## - LOCAL PROCESSING INFORMATION (OCLC) | |
| 6 | 2889344301 |
| a | savukPV 27473 |
| b | savuk2019/146 |
| 949 ## - LOCAL PROCESSING INFORMATION (OCLC) | |
| 6 | 273K0641803 |
| a | svkpoC 59692 |
| b | svkpo633815 |
| 949 ## - LOCAL PROCESSING INFORMATION (OCLC) | |
| 6 | 270001000600072 |
| a | svkbbB 59246 |
| b | svkbbm 781095 |
| 949 ## - LOCAL PROCESSING INFORMATION (OCLC) | |
| 6 | 17A1354041 |
| a | snkSB 93721 |
| b | snk2019/3216 |
| o | 2778/18 |
| s | 6100:20190730 |
| 949 ## - LOCAL PROCESSING INFORMATION (OCLC) | |
| 6 | 17A1354042 |
| a | snkSB 93721 D1 |
| b | snk2019/3217 |
| o | 2778/18 |
| Stav vyradenia | Strata | Poškodenie | Spôsob nadobudnutia | Domovská knižnica | Aktuálna knižnica | Dátum nadobudnutia | Total checkouts | Čiarový kód exemplára | Date last seen | Typ exemplára |
|---|---|---|---|---|---|---|---|---|---|---|
| Dar | Obecná knižnica Horná Štubňa | Obecná knižnica Horná Štubňa | 26.03.2026 | 9788080972547 | 26.03.2026 | Krásna literatúra pre dospelých |
